Journal /

Bibliographic Details
Main Author: Forten, Charlotte L.
Format: Book
Language:English
Published: New York : Dryden Press, [1953]
Subjects:

MARC

Tag First Indicator Second Indicator Subfields
LEADER 00000cam a2200000 4500
001 in00000059364
005 20151007082405.0
008 720224s1953 eng u
010 |a  53006301  
035 |a (OCoLC)00249072 
035 |9 AAF7800AM 
040 |c YNG  |d TXA  |d UtOrBLW 
049 |a TXAM  |c [314925] 
090 |a LA2317.F67  |b A3 
092 |a 325.26  |b F737j 
100 1 |a Forten, Charlotte L. 
245 1 0 |a Journal /  |c with an introd. and notes by Ray Allen Billington. 
264 1 |a New York :  |b Dryden Press,  |c [1953] 
300 |a 248 pages :  |b maps. 
336 |a text  |b txt  |2 rdacontent 
337 |a unmediated  |b n  |2 rdamedia 
338 |a volume  |b nc  |2 rdacarrier 
504 |a Bibliographical references included in "Notes" [pages [205]-244]. 
650 0 |a African American teachers  |v Biography. 
999 |a MARS 
999 f f |s 66c739ef-8ca8-3714-9952-8c0e0ed3096d  |i be9a3845-3581-3f3f-90b8-f62e1147ad4b  |t 0 
952 f f |p normal  |a Texas A&M University  |b College Station  |c Sterling C. Evans Library  |d Evans: Library Stacks  |t 0  |e LA2317.F67 A3  |h Library of Congress classification  |i unmediated -- volume  |m A14800669665 
998 f f |a LA2317.F67 A3  |t 0  |l Evans: Library Stacks